Guía del viagero en España / (Record no. 173024)

MARC details
000 -LEADER
campo de control de longitud fija 00873nam a2200229 4500
001 - NÚMERO DE CONTROL
campo de control 173024
003 - IDENTIFICADOR DE NÚMERO DE CONTROL
campo de control ES-MaACL
005 - FECHA Y HORA DE LA ÚLTIMA TRANSACCIÓN
campo de control 20230906215117.0
008 - DATOS DE LONGITUD FIJA--INFORMACIÓN GENERAL
campo de control de longitud fija 091006s1862 sp |||| | spa d
080 ## - NÚMERO DE LA CLASIFICACIÓN DECIMAL UNIVERSAL
Número de la Clasificación Decimal Universal 625.711(460)"18"(036)
080 ## - NÚMERO DE LA CLASIFICACIÓN DECIMAL UNIVERSAL
Número de la Clasificación Decimal Universal 914.60"18"(036)
100 1# - ENTRADA PRINCIPAL--NOMBRE DE PERSONA
Nombre de persona Mellado, Francisco de Paula.
9 (RLIN) 129810
245 10 - MENCIÓN DEL TÍTULO
Título Guía del viagero en España /
Mención de responsabilidad, etc. por Francisco de P. Mellado.
250 ## - MENCION DE EDICION
Mención de edición 8ª ed.
260 ## - PUBLICACIÓN, DISTRIBUCIÓN, ETC.
Lugar de publicación, distribución, etc. Madrid :
Nombre del editor, distribuidor, etc. Mellado,
Fecha de publicación, distribución, etc. 1862 (
Fabricante Est. Tip. de Francisco de P. Mellado)
300 ## - DESCRIPCIÓN FÍSICA
Extensión [2], 536, [33], 18 p. :
Otras características físicas 1 mapa pleg. ;
Dimensiones 16 cm.
500 ## - NOTA GENERAL
Nota general Índice.
599 ## - NOTA A LAS ILUSTRACIONES
NOTA A LAS ILUSTRACIONES "Mapa itinerario, físico, político y de caminos de España y de Portugal"
651 #4 - PUNTO DE ACCESO ADICIONAL DE MATERIA--NOMBRE GEOGRÁFICO
Nombre geográfico España-
Subdivisión general Descripción-
Subdivisión cronológica S.XIX.
9 (RLIN) 8185
651 #4 - PUNTO DE ACCESO ADICIONAL DE MATERIA--NOMBRE GEOGRÁFICO
Nombre geográfico España-
Subdivisión de forma Guías turísticas-
Subdivisión cronológica S.XIX.
9 (RLIN) 8207
852 4# - LOCALIZACIÓN
Ubicación ES-MaACL
Número de control de estantería E-13034
itemnumber R.138189 . -
Nota libre Biblioteca Jacinto Martínez Lacalle
Holdings
Estatus retirado Estado de pérdida Estado de daño No para préstamo Colección Biblioteca de origen Biblioteca actual Ubicación en estantería Fecha de adquisición Fuente de adquisición Total de préstamos Signatura topográfica completa Código de barras Visto por última vez Precio de reemplazo Tipo de ítem Koha
        Libros del s. XIX Biblioteca del Ateneo de Madrid Biblioteca del Ateneo de Madrid Depósito 2 06/10/2009     E-13034 1181554 23/02/2023 23/02/2023 Libro impreso antiguo